000 01669cam a2200313 4500500
005 20251228055903.0
041 _afre
042 _adc
100 1 0 _aLe Breton, David
_eauthor
245 0 0 _aSe remettre debout : marcher pour se sentir vivant
260 _c2020.
500 _a21
520 _aDans les années 1950 en France, on marchait en moyenne sept kilomètres à pied par jour. Aujourd’hui, à peine trois cents mètres. La sédentarité est un souci majeur de la santé publique. Marcher, c’est reprendre corps dans son existence, retrouver une jouissance du temps, renouveler sa curiosité, se déconnecter pour se sentir vivant. C’est certes une pratique de santé, mais surtout une jouissance du monde.
520 _aIn the 1950s in France, people walked an average of seven kilometers per day. Today, that figure is barely three hundred meters. Sedentary lifestyles are a major public health concern. Walking means restoring the place of the body in one’s existence, regaining the enjoyment of time, renewing one’s curiosity, and disconnecting in order to feel alive. While it is of course a practice of healthy living, above all it brings an enjoyment of the world.
690 _acuriosité
690 _amarche
690 _arandonnée
690 _asanté
690 _asédentarité
690 _asens
690 _acuriosity
690 _ahealth
690 _ahiking
690 _asedentary lifestyle
690 _asenses
690 _awalking
786 0 _nEmpan | 118 | 2 | 2020-06-15 | p. 15-21 | 1152-3336
856 4 1 _uhttps://shs.cairn.info/revue-empan-2020-2-page-15?lang=fr&redirect-ssocas=7080
999 _c1586587
_d1586587